Sports Quiz

Random Sports or NFL Quiz

Colleges with the Most Super Bowl MVPs Quiz Stats

 Plays Quiz Updated Feb 4, 2018

Challenge
Share
Tweet
Embed
Score 0/34 Timer 08:00
1 Play Today
# of MVPs College/University % Correct
5Michigan
93.1%
1UCLA
89.3%
3Alabama
88.8%
1Florida
87.9%
3Southern California
86.9%
1Ohio State
83.2%
2Miami (Fla)
82.4%
1Tennessee
81.6%
2Mississippi
80.3%
3Notre Dame
79.4%
2Florida State
76.9%
3Georgia
75.5%
2Stanford
69.2%
1California
67.8%
1Penn State
65.7%
1Arizona
59.2%
2Purdue
56.8%
# of MVPs College/University % Correct
1BYU
50.9%
1Kansas
49.9%
1Delaware
49.4%
1Washington State
47.8%
1Navy
44.7%
1Syracuse
43.1%
1Maryland
41.8%
1West Virginia
34%
1Louisville
29.1%
1TCU
25.7%
2Louisiana Tech
25.3%
1Grambling State
20.1%
1Northern Iowa
20%
1Mississippi Valley State
19.4%
1Morehead State
8.7%
2Texas A&M
5%
1Tennessee State
4.6%

You're not logged in!

Compare scores with friends on all Sporcle quizzes.
Join for Free
OR
Log In

You Might Also Like...

Show Comments

Extras

Top Quizzes Today


Score Distribution

Your Account Isn't Verified!

In order to create a playlist on Sporcle, you need to verify the email address you used during registration. Go to your Sporcle Settings to finish the process.

Report this User

Report this user for behavior that violates our Community Guidelines.

Details: